00653nam a2200229Ia 4500008004100000041001200041082001000053082001100063100001900074100001100093245002900104260001100133260003200144260000900176300001500185365002500200650002700225650002700252942000700279999001900286952011800305150909s9999 xx 000 0 und d aEnglish a338.1 bFOL/IN aFolley R.R.W  eAuthor aIntensive crop economics aLondon bHeinemann educational books c1973 a331 Pages aUKP.5.00  aAgricultural economics aAgricultural resources cBK c247937d247937 00104070aKAUCOAbKAUCOAd2022-03-03l0o338.1 FOL/INpKAU-COA-5884 r2015-09-16 00:00:00w2015-09-16yBK